Lotr: Horses - Statistics

General Stats
  • This quiz has been taken 25 times
  • The average score is 5 of 11
Answer Stats
Hint Answer % Correct
Gandalf's horse, chief of the Mearas. Shadowfax
100%
Sam's pony, left the Fellowship at Moria. Bill
81%
Theoden's horse, died on the fields of the Pelennor. Snowmane
57%
A white horse of Rohan, given to Legolas by Eomer. Arod
52%
Glorfindel's horse, carried Frodo over the Ford of Bruinen. Asfaloth
52%
Originally belonged to Garulf, given to Aragorn by Eomer. Hasufel
52%
Merry's pony, described to be tiny and long haired. Stybba
29%
A horse of Rohan, ridden by Eomer. Firefoot
24%
Eowyn's horse, fled in terror from the witchking. Windfola
24%
Given to Aragorn by Arwen, brought to his master in Rohan by Halbarad. Roheryn
19%
Frodo's pony, acquired in Minas Tirith. Strider
19%
No matching quizzes found
Score Distribution
Percent of People with Each Score
Percentile by Number Answered
Your Score History
You have not taken this quiz